000 00840nam a22002657a 4500
001 BR9213333
003 BR-BrBNA
005 20230928095108.0
007 ta
008 230509b bl.||||| |||| 00| 0 por d
040 _aBR-BrBNA
_bpor
_cBiblioteca Nacional de Agricultura
041 _a(Por)
072 _aF30
_b1540
090 _ 1540 BR9213333
100 1 _aValle, T.L.
110 1 _aEscola Superior de Agricultura Luiz de Queiroz, Piracicaba, SP (Brasil)
_0Tese (Doutor em Agronomia)
245 1 _aCruzamentos dialelicos em mandioca (Manihot esculenta Crantz)
260 3 _aPiracicaba, SP (Brasil):
_c1990.
300 _a186 p.
500 _a45 tables; Bibliography p. 127-139 (93 ref.); Summaries (Eng, Por)
650 _aMandioca
650 _aCruzamento Dialelico
909 _a202309
_bLucia
_c55
_dLucia Elande
942 _cBK
999 _c54488
_d54488